South Eastern Kenya University

Library Online Public Access Catalogue


Boundaries : (Record no. 6648)

MARC details
000 -LEADER
fixed length control field 00694nam a22002177a 4500
003 - CONTROL NUMBER IDENTIFIER
control field OSt
005 - DATE AND TIME OF LATEST TRANSACTION
control field 20150722093013.0
008 - FIXED-LENGTH DATA ELEMENTS--GENERAL INFORMATION
fixed length control field 150722b xxu||||| |||| 00| 0 eng d
020 ## - INTERNATIONAL STANDARD BOOK NUMBER
International Standard Book Number 0536655103
040 ## - CATALOGING SOURCE
Original cataloging agency SEKU
050 ## - LIBRARY OF CONGRESS CALL NUMBER
Classification number HV 6769
Item number .W3
100 ## - MAIN ENTRY--PERSONAL NAME
Personal name Wallace, Rich A.
245 ## - TITLE STATEMENT
Title Boundaries :
Remainder of title readings in deviance, crime and criminal justice : a customized reader
Statement of responsibility, etc. Compiled by Rich A. Wallace
260 ## - PUBLICATION, DISTRIBUTION, ETC. (IMPRINT)
Place of publication, distribution, etc. Boston, MA :
Name of publisher, distributor, etc. Pearson Custom Pub.,
Date of publication, distribution, etc. c2001
300 ## - PHYSICAL DESCRIPTION
Extent 567 p.
504 ## - BIBLIOGRAPHY, ETC. NOTE
Bibliography, etc Includes biblio. refs.
650 ## - SUBJECT ADDED ENTRY--TOPICAL TERM
Topical term or geographic name as entry element Deviant behavior
Geographic subdivision United States.
650 ## - SUBJECT ADDED ENTRY--TOPICAL TERM
Topical term or geographic name as entry element Crime
Geographic subdivision United States.
650 ## - SUBJECT ADDED ENTRY--TOPICAL TERM
Topical term or geographic name as entry element Criminal justice, Administration of
Geographic subdivision United States.
942 ## - ADDED ENTRY ELEMENTS (KOHA)
Source of classification or shelving scheme Library of Congress Classification
Koha item type General circulation
Holdings
Withdrawn status Lost status Source of classification or shelving scheme Damaged status Not for loan Home library Current library Shelving location Date acquired Source of acquisition Total Checkouts Full call number Barcode Date last seen Price effective from Koha item type Public note
    Library of Congress Classification     Main Campus Library Main Campus Library General Stacks 22/07/2015 Donation - Books for Africa   HV 6769 .W3 2015/005017 22/07/2015 22/07/2015 General circulation JTH
    Library of Congress Classification     Main Campus Library Main Campus Library General Stacks 11/09/2015 Donation Books for Africa   HV 6769 .W3 2015/007195 11/09/2015 11/09/2015 General circulation amk
    Library of Congress Classification     SEHSS - Library SEHSS - Library General Stacks 22/07/2015 Donation - Books for Africa   [EHS] HV 6769 .W3 2015/005018 22/07/2015 22/07/2015 General circulation JTH
    Library of Congress Classification     SEHSS - Library SEHSS - Library General Stacks 22/07/2015 Donation - Books for Africa   [EHS] HV 6769 .W3 2015/005016 22/07/2015 22/07/2015 General circulation JTH
    Library of Congress Classification     Wote Campus Library Wote Campus Library General Stacks 08/09/2015 Donation books for Africa   HV 6769 .W3 2015/003180 08/09/2015 08/09/2015 General circulation amk
Kitui, Kenya.
+254736116989
library@seku.ac.ke